श्रीसंत दासोपंत:भावचरित्र वाङ्मय दर्शन (Record no. 1237694)

MARC details
000 -LEADER
fixed length control field 00923nam a2200193Ia 4500
008 - FIXED-LENGTH DATA ELEMENTS--GENERAL INFORMATION
fixed length control field 151121s9999||||xx |||||||||||||| ||und||
082 ## - DEWEY DECIMAL CLASSIFICATION NUMBER
Classification number 097/साखरे
082 ## - DEWEY DECIMAL CLASSIFICATION NUMBER
Item number HNW-54406
100 ## - MAIN ENTRY--PERSONAL NAME
Personal name साखरे किसनमहाराज-संपा।
245 ## - TITLE STATEMENT
Title श्रीसंत दासोपंत:भावचरित्र वाङ्मय दर्शन
260 ## - PUBLICATION, DISTRIBUTION, ETC. (IMPRINT)
Name of publisher, distributor, etc "अरगडे रा। द।, आंबाजोगाई।"
260 ## - PUBLICATION, DISTRIBUTION, ETC. (IMPRINT)
Date of publication, distribution, etc --
300 ## - PHYSICAL DESCRIPTION
Extent 120
600 ## - SUBJECT ADDED ENTRY--PERSONAL NAME
Personal name साखरे किसनमहाराज-संपा।
630 ## - SUBJECT ADDED ENTRY--UNIFORM TITLE
Uniform title श्रीसंत दासोपंत:भावचरित्र वाङ्मय दर्शन
700 ## - ADDED ENTRY--PERSONAL NAME
Personal name साखरे किसनमहाराज-संपा।
730 ## - ADDED ENTRY--UNIFORM TITLE
Uniform title श्रीसंत दासोपंत:भावचरित्र वाङ्मय दर्शन
942 ## - ADDED ENTRY ELEMENTS (KOHA)
Koha item type Book
Holdings
Withdrawn status Lost status Damaged status Not for loan Home library Current library Date acquired Cost, normal purchase price Total Checkouts Full call number Barcode Date last seen Cost, replacement price Price effective from Koha item type
        Hirachand Nemchand Wachanalaya, Solapur Hirachand Nemchand Wachanalaya, Solapur 11/21/2015 40.00   HNW-54406 HNW-54406 11/21/2015 40.00 11/21/2015 Book